| 000 | 00787nam a22002175a 4500 | ||
|---|---|---|---|
| 003 | OSt | ||
| 005 | 20170208140502.0 | ||
| 008 | 170116s2007 ua frb 000 0 ara d | ||
| 040 |
_aEG-ScBUE _bara _cEG-ScBUE _dEG-ScBUE |
||
| 043 | _af-ua--- | ||
| 082 | 0 | 4 |
_a345.62 _bأ ب و _222 |
| 100 | 1 | _aأبو خطوة، أحمد شوقي عمر. | |
| 245 | 1 | 0 |
_aشرح الأحكام العامة لقانون العقوبات / _cأحمد شوقي عمر أبو خطوة. _b |
| 260 |
_aالقاهرة : _bدار النهضه العربية، _c2007. |
||
| 300 |
_a905 ص. ؛ _c24 سم. |
||
| 504 | _aيشتمل على إرجاعات ببليوجرافية. | ||
| 650 | 7 |
_aقانون العقوبات _zمصر. _2BUEsh _941137 |
|
| 651 | _2BUEsh | ||
| 653 |
_bLLAAWW _cFebruary2017 |
||
| 942 | _2ddc | ||
| 999 |
_c24097 _d24069 |
||